[Event "II. CLANSKA LIGA ZAHOD 2025"]
[Site "Komenda"]
[Date "2025.11.14"]
[Round "1.5"]
[White "Tesar, Jakob"]
[Black "Zupan, Luka"]
[Result "1-0"]
[WhiteElo "1509"]
[BlackElo "1514"]
[PlyCount "85"]
[EventDate "2025.11.14"]
[WhiteTeam "SD KRKA NOVO MESTO"]
[BlackTeam "SD RADOVLJICA"]

1. Nc3 d5 2. d4 Nf6 3. Bf4 a6 4. e3 Nbd7 5. Nf3 c5 6. h3 e6 7. Be2 Be7 8. O-O
O-O 9. a4 h6 10. Ne5 Re8 11. Bf3 Nxe5 12. Bxe5 Bd6 13. e4 cxd4 14. Qxd4 Bxe5
15. Qxe5 dxe4 16. Nxe4 Nxe4 17. Bxe4 f6 18. Qc3 Rb8 19. Rad1 Qe7 20. Rd4 e5 21.
Rc4 Qd6 22. Bf3 Be6 23. Rd1 Qf8 24. Rc7 Rec8 25. Bd5 Bxd5 26. Rxd5 Rxc7 27.
Qxc7 Qc8 28. Rd7 Qxc7 29. Rxc7 b5 30. a5 Rd8 31. Kf1 Kh7 32. Ke2 Rd5 33. Rc6
Rd4 34. Rxa6 Ra4 35. b3 Re4+ 36. Kd2 Rd4+ 37. Kc3 b4+ 38. Kb2 Rd2 39. Rb6 Rxf2
40. a6 e4 41. a7 e3 42. a8=Q e2 43. Re6 1-0

[Event "II. CLANSKA LIGA ZAHOD 2025"]
[Site "Komenda"]
[Date "2025.11.15"]
[Round "2.1"]
[White "Skrbec, Leon"]
[Black "Zirkelbach, Maj"]
[Result "1/2-1/2"]
[WhiteElo "2276"]
[BlackElo "2260"]
[PlyCount "108"]
[EventDate "2025.11.14"]
[WhiteTeam "SK POSTOJNA"]
[BlackTeam "SD KRKA NOVO MESTO"]

1. e4 e5 2. Nf3 Nc6 3. d4 exd4 4. Nxd4 Nf6 5. Nxc6 bxc6 6. e5 Qe7 7. Qe2 Nd5 8.
c4 Ba6 9. Nd2 g6 10. Nf3 Bg7 11. Bg5 f6 12. exf6 Qxe2+ 13. Bxe2 Nxf6 14. O-O-O
O-O-O 15. Bd3 Rde8 16. Be3 d6 17. h3 c5 18. a3 Bb7 19. b4 cxb4 20. axb4 Kb8 21.
Kc2 Ne4 22. h4 Rhf8 23. Rh3 c5 24. bxc5 dxc5 25. h5 g5 26. h6 Bf6 27. Nd2 Bd4
28. Bxd4 cxd4 29. Nxe4 Bxe4 30. Bxe4 Rxe4 31. f3 Ref4 32. Rh5 g4 33. Rb5+ Ka8
34. Rd5 gxf3 35. gxf3 Rxf3 36. R1xd4 R8f7 37. Rd7 Kb8 38. Rxf7 Rxf7 39. Rg4 Kc7
40. Rg7 Rd7 41. Kb3 Kc6 42. Kb4 Rb7+ 43. Ka5 Rc7 44. Ka6 Rd7 45. Rxd7 Kxd7 46.
Kxa7 Kc7 47. c5 Kc6 48. Kb8 Kxc5 49. Kc7 Kd5 50. Kd7 Ke5 51. Ke7 Kf5 52. Kf7
Ke5 53. Kg7 Ke6 54. Kxh7 Kf7 1/2-1/2

[Event "II. CLANSKA LIGA ZAHOD 2025"]
[Site "Komenda"]
[Date "2025.11.15"]
[Round "2.1"]
[White "Kastelic, Marjan"]
[Black "Hrescak, Ivana"]
[Result "1-0"]
[WhiteElo "2242"]
[BlackElo "2120"]
[PlyCount "55"]
[EventDate "2025.11.14"]
[WhiteTeam "SD KRKA NOVO MESTO"]
[BlackTeam "SK POSTOJNA"]

1. d4 Nf6 2. c4 g6 3. Nc3 Bg7 4. e4 d6 5. Be2 O-O 6. g4 c5 7. g5 Nfd7 8. d5 f6
9. h4 Ne5 10. f4 Nf7 11. Nf3 e5 12. dxe6 Bxe6 13. Be3 f5 14. Qd2 Nc6 15. h5
fxe4 16. Nxe4 Re8 17. hxg6 hxg6 18. Nc3 Ne7 19. O-O Nf5 20. Bf2 Qa5 21. Bd3 b5
22. Nh4 bxc4 23. Bxf5 Bxf5 24. Nxf5 gxf5 25. g6 Nd8 26. Qd5+ Ne6 27. Qxf5 Re7
28. Nd5 1-0

[Event "II. CLANSKA LIGA ZAHOD 2025"]
[Site "Komenda"]
[Date "2025.11.15"]
[Round "2.1"]
[White "Cepon, Dusan"]
[Black "Zupancic, Jernej"]
[Result "1/2-1/2"]
[WhiteElo "2012"]
[BlackElo "2197"]
[PlyCount "98"]
[EventDate "2025.11.14"]
[WhiteTeam "SK POSTOJNA"]
[BlackTeam "SD KRKA NOVO MESTO"]

1. d4 Nf6 2. Nf3 e6 3. Nbd2 c5 4. e3 Be7 5. c3 O-O 6. e4 cxd4 7. Nxd4 d6 8. Be2
Nc6 9. Nxc6 bxc6 10. O-O d5 11. Qc2 e5 12. b3 Be6 13. c4 Nd7 14. exd5 cxd5 15.
cxd5 Bxd5 16. Bb2 Rc8 17. Qd1 f6 18. Nc4 Nc5 19. Rc1 Be6 20. Qc2 Qe8 21. Qb1
Qg6 22. Qxg6 hxg6 23. Rfd1 Rfd8 24. Kf1 Kf7 25. Ba3 Rxd1+ 26. Rxd1 Ne4 27. Bb2
Rd8 28. Rxd8 Bxd8 29. f3 Nc5 30. Nd6+ Ke7 31. Nb5 Bb6 32. Ba3 Kd7 33. Nc3 Bf7
34. Bb5+ Kc7 35. Bc4 Bxc4+ 36. bxc4 Kc6 37. Ke2 Ne6 38. Nd5 Ba5 39. Bc1 Nc7 40.
Nxc7 Kxc7 41. Ke3 Kc6 42. Ke4 a6 43. g4 Kd6 44. f4 exf4 45. Kxf4 Ke6 46. h3 Bb6
47. h4 Bc5 48. h5 gxh5 49. gxh5 Bb6 1/2-1/2

[Event "II. CLANSKA LIGA ZAHOD 2025"]
[Site "Komenda"]
[Date "2025.11.15"]
[Round "2.1"]
[White "Zupancic, Urban"]
[Black "Beber, Anja"]
[Result "0-1"]
[WhiteElo "2024"]
[BlackElo "1930"]
[PlyCount "74"]
[EventDate "2025.11.14"]
[WhiteTeam "SD KRKA NOVO MESTO"]
[BlackTeam "SK POSTOJNA"]

1. e4 e5 2. Nf3 Nc6 3. Bb5 a6 4. Ba4 Nf6 5. O-O b5 6. Bb3 Bc5 7. c3 d6 8. d4
Bb6 9. h3 h6 10. Re1 O-O 11. a4 Bb7 12. Na3 Re8 13. axb5 axb5 14. d5 Ne7 15.
Be3 Bxe3 16. Rxe3 c6 17. dxc6 Bxc6 18. Qe1 Qc7 19. Rd1 Rad8 20. Bc2 Qb7 21. Bd3
Ng6 22. g3 d5 23. Nd2 dxe4 24. Bb1 Nd5 25. Rxe4 Qe7 26. Nf1 f5 27. Re2 Qg5 28.
Kh2 Ndf4 29. Rxd8 Rxd8 30. Rd2 Rxd2 31. Qxd2 Nh4 32. Qd6 Nf3+ 33. Kh1 Qh5 34.
Bxf5 Nd4+ 35. Kh2 Qxf5 36. gxf4 Qxf4+ 37. Kg1 Ne2# 0-1

[Event "II. CLANSKA LIGA ZAHOD 2025"]
[Site "Komenda"]
[Date "2025.11.15"]
[Round "2.1"]
[White "Markovcic, Gregor"]
[Black "Rifelj, Luka"]
[Result "0-1"]
[WhiteElo "1730"]
[BlackElo "1985"]
[PlyCount "78"]
[EventDate "2025.11.14"]
[WhiteTeam "SK POSTOJNA"]
[BlackTeam "SD KRKA NOVO MESTO"]

1. d4 Nf6 2. Nf3 e6 3. Nc3 d5 4. e3 c5 5. b3 cxd4 6. Nxd4 Bb4 7. Bb5+ Bd7 8.
Qd3 Qa5 9. Bd2 a6 10. Bxd7+ Nbxd7 11. a3 Ne5 12. O-O Nxd3 13. axb4 Qd8 14. cxd3
O-O 15. Ra2 e5 16. Nc2 Re8 17. Ne2 Rc8 18. f3 Rc6 19. d4 e4 20. f4 Qc7 21. Rc1
Rc8 22. Ne1 Rxc1 23. Nxc1 h5 24. h3 h4 25. Ne2 Nh5 26. Ra5 Qc6 27. Nc3 b5 28.
Ra2 Ng3 29. Kf2 g5 30. fxg5 Qe6 31. Ne2 Nxe2 32. Kxe2 Rc6 33. Rc2 Rd6 34. Rc5
Qg6 35. Kd1 Qxg5 36. Kc2 Rf6 37. Kc3 Rf2 38. Bc1 Rf1 39. Kd2 Qg3 0-1

[Event "II. CLANSKA LIGA ZAHOD 2025"]
[Site "Komenda"]
[Date "2025.11.15"]
[Round "2.1"]
[White "Pajek, Tjasa"]
[Black "Usaj, Benjamin"]
[Result "1-0"]
[WhiteElo "1779"]
[BlackElo "1691"]
[PlyCount "104"]
[EventDate "2025.11.14"]
[WhiteTeam "SD KRKA NOVO MESTO"]
[BlackTeam "SK POSTOJNA"]

1. e4 e5 2. Nf3 Nc6 3. Bc4 Nf6 4. d3 Be7 5. Nc3 d6 6. h3 h6 7. d4 exd4 8. Nxd4
O-O 9. O-O Re8 10. Bf4 Bf8 11. Re1 Ne5 12. Bb3 Ng6 13. Bg3 Be6 14. Nxe6 fxe6
15. e5 dxe5 16. Bxe5 Nxe5 17. Rxe5 Qxd1+ 18. Rxd1 Bd6 19. Rxe6 Rxe6 20. Bxe6+
Kf8 21. Nb5 Rd8 22. Nxd6 Rxd6 23. Rxd6 cxd6 24. Bc8 b6 25. Kf1 Ke7 26. Ke2 Nd5
27. Bb7 Nf4+ 28. Ke3 g5 29. g3 Ne6 30. Bd5 Nc7 31. c4 Kf6 32. f4 b5 33. b3 b4
34. fxg5+ hxg5 35. h4 Na6 36. h5 Nc5 37. g4 a5 38. Bc6 Ne6 39. Ke4 Nf8 40. Kd5
Ke7 41. c5 dxc5 42. Kxc5 Nh7 43. Kb5 Nf6 44. Bf3 a4 45. Kxa4 Kd6 46. Kxb4 Kc7
47. a4 Kb6 48. Kc4 Nd7 49. Kd5 Nf6+ 50. Ke6 Ng8 51. Kf7 Nh6+ 52. Kg7 Nxg4 1-0

[Event "II. CLANSKA LIGA ZAHOD 2025"]
[Site "Komenda"]
[Date "2025.11.15"]
[Round "2.2"]
[White "Kobal, Peter"]
[Black "Prestrl, Jozef"]
[Result "1-0"]
[WhiteElo "1894"]
[BlackElo "1875"]
[PlyCount "77"]
[EventDate "2025.11.14"]
[WhiteTeam "SD VRHNIKA"]
[BlackTeam "SD RADOVLJICA"]

1. e4 c6 2. d4 d5 3. exd5 cxd5 4. Nc3 a6 5. Bd3 g6 6. Nf3 Bg4 7. h3 Bxf3 8.
Qxf3 e6 9. Be3 Qf6 10. Qg3 Qd8 11. O-O-O Bd6 12. Bf4 Bxf4+ 13. Qxf4 Ne7 14. h4
Nd7 15. h5 Rf8 16. g4 Qb6 17. Rde1 O-O-O 18. Ne2 Ng8 19. Ng1 Qc7 20. Qe3 Kb8
21. f4 Ngf6 22. Qf3 gxh5 23. g5 Ne4 24. Bxe4 dxe4 25. Qxe4 Qc6 26. Qxc6 bxc6
27. Rxh5 Nb6 28. Ne2 Rh8 29. Reh1 Nd5 30. Rxh7 Rxh7 31. Rxh7 Rf8 32. Kd2 Ne7
33. Kd3 Kc7 34. Ng3 Kd6 35. Ne4+ Kc7 36. Nc5 Kd6 37. c4 f6 38. gxf6 Rxf6 39.
Ne4+ 1-0

[Event "II. CLANSKA LIGA ZAHOD 2025"]
[Site "Komenda"]
[Date "2025.11.15"]
[Round "2.2"]
[White "Simnic, Franci"]
[Black "Praznik, Nikolaj"]
[Result "1-0"]
[WhiteElo "1834"]
[BlackElo "1463"]
[PlyCount "67"]
[EventDate "2025.11.14"]
[WhiteTeam "SD RADOVLJICA"]
[BlackTeam "SD VRHNIKA"]

1. Nf3 Nc6 2. d4 d5 3. c4 e6 4. Nc3 Nf6 5. Bg5 Be7 6. e3 h6 7. Bh4 Bd7 8. Bxf6
Bxf6 9. cxd5 exd5 10. Nxd5 Bf5 11. Nxf6+ Qxf6 12. Bb5 O-O 13. O-O Bg4 14. Be2
Kh8 15. h3 Bf5 16. Rc1 Rac8 17. Qb3 b6 18. Ba6 Rce8 19. Qa4 Nd8 20. Rxc7 Be4
21. Nd2 Bf5 22. Rxa7 Qh4 23. Nf3 Qh5 24. Kh2 g5 25. Be2 g4 26. Ne5 g3+ 27. fxg3
Qxe2 28. Rxf5 Qxe3 29. Rh5 Rg8 30. Ng4 Qc1 31. d5 Re1 32. Qd4+ Rg7 33. Rxh6+
Kg8 34. Nf6+ 1-0

[Event "II. CLANSKA LIGA ZAHOD 2025"]
[Site "Komenda"]
[Date "2025.11.15"]
[Round "2.2"]
[White "Sever, Florjan"]
[Black "Krivec, Metod"]
[Result "0-1"]
[WhiteElo "1519"]
[BlackElo "1840"]
[PlyCount "82"]
[EventDate "2025.11.14"]
[WhiteTeam "SD VRHNIKA"]
[BlackTeam "SD RADOVLJICA"]

1. e4 e6 2. d4 d5 3. exd5 exd5 4. Nf3 Nf6 5. c4 Be7 6. Be2 O-O 7. O-O c6 8. Be3
Re8 9. h3 Nbd7 10. Nbd2 Bd6 11. c5 Bc7 12. b4 Nf8 13. Bd3 Ng6 14. Bxg6 hxg6 15.
Re1 Bf5 16. Bg5 Rxe1+ 17. Qxe1 Qf8 18. Qe2 Re8 19. Qf1 Ne4 20. Be3 Ng3 21. Qd1
Ne4 22. Rc1 a6 23. Nh4 Bc8 24. Nhf3 Qe7 25. Qc2 Bf5 26. Qd1 Bb8 27. a4 Qc7 28.
Ne5 f6 29. Nef3 g5 30. a5 g4 31. hxg4 Bxg4 32. Nf1 Qf7 33. N1h2 Bxh2+ 34. Kxh2
Qh5+ 35. Kg1 Kf7 36. Kf1 Qh1+ 37. Ke2 Qxg2 38. Qh1 Bxf3+ 39. Kd3 Qxh1 40. Rc2
Qf1+ 41. Re2 Qxe2# 0-1

[Event "II. CLANSKA LIGA ZAHOD 2025"]
[Site "Komenda"]
[Date "2025.11.15"]
[Round "2.3"]
[White "Bratovic, Blaz"]
[Black "Rodman, Franc"]
[Result "1-0"]
[WhiteElo "2292"]
[BlackElo "1978"]
[PlyCount "77"]
[EventDate "2025.11.14"]
[WhiteTeam "SD GORENJKA LESCE"]
[BlackTeam "SD JESENICE"]

1. e4 e5 2. Nf3 Nc6 3. Bb5 Nf6 4. d3 Bc5 5. Ba4 O-O 6. O-O d6 7. c3 Bb6 8. Nbd2
Ne7 9. Nc4 Ng6 10. b4 c6 11. Nxb6 axb6 12. Bc2 h6 13. h3 Be6 14. a4 b5 15. Bd2
bxa4 16. Bxa4 b5 17. Bc2 Qc7 18. Be3 Qb7 19. Qd2 Kh7 20. Rfb1 Rxa1 21. Rxa1 Ra8
22. Qc1 Rxa1 23. Qxa1 Nh5 24. d4 Qc8 25. Bd3 Nhf4 26. Bf1 Bc4 27. Bxc4 bxc4 28.
dxe5 dxe5 29. Nd2 Qd8 30. Qf1 Qd3 31. Qxd3 cxd3 32. c4 Ne2+ 33. Kf1 Nc3 34. g3
Kg8 35. Ke1 f5 36. h4 Nf8 37. f3 Ne6 38. Nb3 Ne2 39. Bf2 1-0

[Event "II. CLANSKA LIGA ZAHOD 2025"]
[Site "Komenda"]
[Date "2025.11.15"]
[Round "2.3"]
[White "Jeraj, Zlatko"]
[Black "Mencinger, Vojko"]
[Result "0-1"]
[WhiteElo "2001"]
[BlackElo "2259"]
[PlyCount "72"]
[EventDate "2025.11.14"]
[WhiteTeam "SD JESENICE"]
[BlackTeam "SD GORENJKA LESCE"]

1. e4 c5 2. Nf3 e6 3. d4 cxd4 4. Nxd4 Nc6 5. c3 d6 6. Be3 Nf6 7. Nd2 Be7 8. h3
O-O 9. Bb5 Qc7 10. O-O a6 11. Ba4 d5 12. Bc2 Bd7 13. Rc1 Rfd8 14. Bg5 Nxe4 15.
Nxe4 dxe4 16. Bxe7 Nxe7 17. Bxe4 e5 18. Ne2 Be6 19. Qa4 Rd2 20. Ng3 Rxb2 21.
Bb1 f5 22. Rc2 Rxc2 23. Qxc2 Rc8 24. Rc1 g6 25. Qd2 Nc6 26. h4 Rd8 27. Qh6 Qg7
28. Qxg7+ Kxg7 29. Nf1 Kf6 30. f3 b5 31. Kf2 Na5 32. Ke1 Rc8 33. Kd1 h5 34. Nd2
Nc4 35. Nxc4 Rxc4 36. a3 f4 0-1

[Event "II. CLANSKA LIGA ZAHOD 2025"]
[Site "Komenda"]
[Date "2025.11.15"]
[Round "2.3"]
[White "Kelbl, Jakob"]
[Black "Pazlar, Marko"]
[Result "1/2-1/2"]
[WhiteElo "1995"]
[BlackElo "1977"]
[PlyCount "62"]
[EventDate "2025.11.14"]
[WhiteTeam "SD GORENJKA LESCE"]
[BlackTeam "SD JESENICE"]

1. e4 e6 2. d4 d5 3. Bd3 dxe4 4. Bxe4 Nf6 5. Bf3 c5 6. Ne2 Nc6 7. Be3 Qc7 8.
Nbc3 Bd7 9. O-O Nxd4 10. Nxd4 cxd4 11. Bxd4 Bd6 12. h3 Bc6 13. Qe2 Bxf3 14.
Qxf3 Qc6 15. Qxc6+ bxc6 16. Bxf6 gxf6 17. Ne4 Be7 18. Rad1 Rd8 19. g4 h5 20.
Rxd8+ Kxd8 21. Rd1+ Kc7 22. Kg2 hxg4 23. hxg4 Rg8 24. Kf3 Rh8 25. c4 Rh7 26. a3
Rh4 27. Ng3 f5 28. gxf5 Rxc4 29. fxe6 fxe6 30. Re1 Kd7 31. Rd1+ Kc7 1/2-1/2

[Event "II. CLANSKA LIGA ZAHOD 2025"]
[Site "Komenda"]
[Date "2025.11.15"]
[Round "2.3"]
[White "Ravnik, Franc"]
[Black "Petek, Pavel"]
[Result "1-0"]
[WhiteElo "1832"]
[BlackElo "2100"]
[PlyCount "90"]
[EventDate "2025.11.14"]
[WhiteTeam "SD JESENICE"]
[BlackTeam "SD GORENJKA LESCE"]

1. e4 e5 2. Nf3 Nc6 3. Bb5 a6 4. Ba4 Nf6 5. d3 b5 6. Bb3 Bc5 7. O-O O-O 8. Bg5
h6 9. Bh4 g5 10. Bg3 d6 11. h3 Nh5 12. Bh2 Nf4 13. Bxf4 gxf4 14. c3 Qf6 15. Bd5
Bd7 16. d4 Bb6 17. dxe5 dxe5 18. Nbd2 Rad8 19. Qe2 Kh7 20. Kh2 Ne7 21. Bb3 c5
22. c4 b4 23. a3 a5 24. axb4 cxb4 25. c5 Bc7 26. Nc4 Nc6 27. Ba4 Rg8 28. Nb6
Nd4 29. Nxd4 exd4 30. Qf3 Bxa4 31. Nxa4 Rg5 32. Rg1 Rdg8 33. Kh1 Qe5 34. Rad1
Re8 35. Rge1 f5 36. exf5 Qxe1+ 37. Rxe1 Rxe1+ 38. Kh2 Rg7 39. b3 Rge7 40. Nb2
Rb1 41. Nd3 Rxb3 42. f6 Re1 43. h4 Rxd3 44. Qxd3+ Kg8 45. Qg6+ Kf8 1-0

[Event "II. CLANSKA LIGA ZAHOD 2025"]
[Site "Komenda"]
[Date "2025.11.15"]
[Round "2.3"]
[White "Mali, Miha"]
[Black "Cvetkov, Risto"]
[Result "1-0"]
[WhiteElo "1965"]
[BlackElo "1722"]
[PlyCount "99"]
[EventDate "2025.11.14"]
[WhiteTeam "SD GORENJKA LESCE"]
[BlackTeam "SD JESENICE"]

1. e4 e5 2. f4 exf4 3. d4 Qh4+ 4. Ke2 Nf6 5. Nf3 Qg4 6. Nc3 Bb4 7. Nd5 Nxd5 8.
exd5 O-O 9. Kf2 b6 10. Bc4 a6 11. Ne5 Qxd1 12. Rxd1 b5 13. Be2 g5 14. Bf3 Bb7
15. Nd3 Bd6 16. Nc5 Bc8 17. Ne4 Be7 18. d6 cxd6 19. Nf6+ Bxf6 20. Bxa8 Nc6 21.
Bxc6 dxc6 22. a4 b4 23. a5 Bf5 24. c3 Bc2 25. Rd2 b3 26. Ra4 Rb8 27. h4 h6 28.
hxg5 hxg5 29. g3 fxg3+ 30. Kxg3 Rb5 31. Re2 Kg7 32. Re1 Bd8 33. Rc4 c5 34. dxc5
dxc5 35. Be3 Bxa5 36. Bxc5 Bd3 37. Bd4+ f6 38. Rc6 Rf5 39. Ree6 Bb5 40. Rxf6
Rxf6 41. Rxf6 Kh7 42. Kg4 Be2+ 43. Kf5 Bd3+ 44. Ke6 g4 45. Kf7 Bc4+ 46. Kf8 Bd8
47. Rc6 Bb5 48. Rd6 Bc7 49. Re6 Bd8 50. Be3 1-0

[Event "II. CLANSKA LIGA ZAHOD 2025"]
[Site "Komenda"]
[Date "2025.11.15"]
[Round "2.3"]
[White "Kljucanin, Fahrudin"]
[Black "Pavlin, Damijan"]
[Result "0-1"]
[WhiteElo "1677"]
[BlackElo "1963"]
[PlyCount "32"]
[EventDate "2025.11.14"]
[WhiteTeam "SD JESENICE"]
[BlackTeam "SD GORENJKA LESCE"]

1. d4 Nf6 2. c4 e6 3. a3 c5 4. dxc5 Bxc5 5. b4 Ne4 6. e3 Nxf2 7. Kxf2 Qf6+ 8.
Nf3 Qxa1 9. Bd3 Be7 10. Qc2 Bf6 11. Nfd2 Qe5 12. Nf3 Qh5 13. Rf1 Nc6 14. Kg1
Ne5 15. Be2 Qg6 16. Qd2 Qxb1 0-1

[Event "II. CLANSKA LIGA ZAHOD 2025"]
[Site "Komenda"]
[Date "2025.11.15"]
[Round "2.4"]
[White "Sajn, Simon"]
[Black "Markoja Jeraj, Sebastijan"]
[Result "0-1"]
[WhiteElo "2084"]
[BlackElo "2212"]
[PlyCount "102"]
[EventDate "2025.11.14"]
[WhiteTeam "SK RIMEX ILIRSKA BISTRICA"]
[BlackTeam "SK DOL PRI LJUBLJANI"]

1. d4 Nf6 2. Nf3 g6 3. c4 Bg7 4. Nc3 d6 5. e4 O-O 6. Be2 e5 7. O-O Nc6 8. d5
Ne7 9. Ne1 Nd7 10. Be3 f5 11. f3 f4 12. Bf2 g5 13. Nd3 a6 14. c5 Rf6 15. Qb3
Kh8 16. Rfc1 Rh6 17. Na4 Qe8 18. h3 Nf6 19. cxd6 cxd6 20. Nb6 Bxh3 21. gxh3 Qh5
22. Bf1 Rg8 23. Bg2 Nxe4 24. fxe4 f3 25. Bxf3 Qxf3 26. Nxe5 Qf8 27. Ng4 Rg6 28.
Bg3 h5 29. Nh2 Bd4+ 30. Kg2 Qg7 31. Rc2 Rf6 32. Rf1 Rxf1 33. Kxf1 Ng6 34. Bf2
Rf8 35. Ke1 Kg8 36. Nf3 Bf6 37. Nc4 Qe7 38. Re2 Nf4 39. Qc2 Rc8 40. e5 dxe5 41.
b3 b5 42. Qf5 Rf8 43. d6 Qd8 44. Bb6 Qa8 45. Nxg5 Qb7 46. Nxe5 Bxe5 47. Qc2
Qh1+ 48. Kd2 Qd5+ 49. Ke3 Nd3 50. Rg2 Bf4+ 51. Ke2 Qxg2+ 0-1

[Event "II. CLANSKA LIGA ZAHOD 2025"]
[Site "Komenda"]
[Date "2025.11.15"]
[Round "2.4"]
[White "Kampus, Andrej"]
[Black "Kekic, Urban"]
[Result "1-0"]
[WhiteElo "2066"]
[BlackElo "2060"]
[PlyCount "55"]
[EventDate "2025.11.14"]
[WhiteTeam "SK DOL PRI LJUBLJANI"]
[BlackTeam "SK RIMEX ILIRSKA BISTRICA"]

1. e4 e5 2. Bc4 Nc6 3. Nc3 Nf6 4. d3 Bc5 5. f4 d6 6. Nf3 O-O 7. f5 d5 8. Nxd5
Nxd5 9. Bxd5 Nd4 10. Nxd4 Bxd4 11. Qh5 c6 12. Bb3 a5 13. a4 Qd6 14. Rf1 Kh8 15.
Rf3 Bc5 16. Rh3 h6 17. g4 b5 18. Rg3 Be6 19. Bxh6 Bxb3 20. Bxg7+ Kxg7 21. Qg5+
Qg6 22. fxg6 f6 23. Qh4 Bg8 24. Qh5 Rfb8 25. h4 bxa4 26. g5 Bb4+ 27. Ke2 fxg5
28. hxg5 1-0

[Event "II. CLANSKA LIGA ZAHOD 2025"]
[Site "Komenda"]
[Date "2025.11.15"]
[Round "2.4"]
[White "Rolih, Miran"]
[Black "Arlic, Nejc"]
[Result "0-1"]
[WhiteElo "1916"]
[BlackElo "1838"]
[PlyCount "75"]
[EventDate "2025.11.14"]
[WhiteTeam "SK RIMEX ILIRSKA BISTRICA"]
[BlackTeam "SK DOL PRI LJUBLJANI"]

1. e4 Nf6 2. d3 e5 3. g3 d5 4. Nd2 dxe4 5. dxe4 Bb4 6. c3 Bc5 7. b4 Bb6 8. Qc2
Ng4 9. Nh3 c6 10. Nc4 Bc7 11. f3 Nf6 12. Bg5 h6 13. Rd1 Qe7 14. Bc1 O-O 15. Bg2
b5 16. Ne3 a5 17. a3 Be6 18. O-O a4 19. Nf5 Bb6+ 20. Kh1 Qc7 21. Qb2 Nh7 22.
Nxg7 Kxg7 23. Qd2 f6 24. Qxh6+ Kh8 25. f4 Qg7 26. fxe5 Qxh6 27. Bxh6 Rf7 28.
Nf4 Bc4 29. e6 Rb7 30. Rf3 Ng5 31. e7 Nd7 32. Bxg5 fxg5 33. Ng6+ Kg7 34. Rd6
Bf7 35. Bh3 Bxg6 36. Rxd7 Rxd7 37. Bxd7 Bxe4 38. Kg2 0-1

[Event "II. CLANSKA LIGA ZAHOD 2025"]
[Site "Komenda"]
[Date "2025.11.15"]
[Round "2.4"]
[White "Azinovic, Igor"]
[Black "Delost, Josko"]
[Result "1/2-1/2"]
[WhiteElo "1787"]
[BlackElo "1798"]
[PlyCount "105"]
[EventDate "2025.11.14"]
[WhiteTeam "SK DOL PRI LJUBLJANI"]
[BlackTeam "SK RIMEX ILIRSKA BISTRICA"]

1. e4 e6 2. d4 d5 3. e5 c5 4. c3 Ne7 5. Na3 Nec6 6. Nc2 cxd4 7. cxd4 Qb6 8. Nf3
Be7 9. Bd3 Nb4 10. O-O Nxd3 11. Qxd3 Nc6 12. Bd2 Bd7 13. a3 Na5 14. Bxa5 Qxa5
15. b4 Qa4 16. Rfc1 O-O 17. Nce1 Bb5 18. Qd2 Rac8 19. Qb2 Bc4 20. Rc3 Rc7 21.
Rac1 Rfc8 22. h3 Qd7 23. g3 f5 24. R1c2 a6 25. Qc1 Qe8 26. Nd3 Bd8 27. Nc5 Rd7
28. Nd2 Bb5 29. Qa1 b6 30. Ncb3 Rxc3 31. Rxc3 Rc7 32. Qc1 Qd7 33. Nf3 Rxc3 34.
Qxc3 h6 35. Nbd2 Qc7 36. Qxc7 Bxc7 37. Ne1 Kf7 38. f4 Bd8 39. Kf2 Be7 40. Ke3
Ke8 41. g4 g5 42. Nef3 Kf7 43. gxf5 exf5 44. Nb1 Kg6 45. Nc3 Bc6 46. Nd2 Bb7
47. Nf1 a5 48. bxa5 bxa5 49. a4 Bc6 50. Nd2 Bb4 51. Ncb1 Bxd2+ 52. Kxd2 gxf4
53. Ke2 1/2-1/2

[Event "II. CLANSKA LIGA ZAHOD 2025"]
[Site "Komenda"]
[Date "2025.11.15"]
[Round "2.4"]
[White "Solmajer, Vito"]
[Black "Repe, Jure"]
[Result "1-0"]
[WhiteElo "1564"]
[BlackElo "1763"]
[PlyCount "73"]
[EventDate "2025.11.14"]
[WhiteTeam "SK RIMEX ILIRSKA BISTRICA"]
[BlackTeam "SK DOL PRI LJUBLJANI"]

1. d4 d5 2. c4 e6 3. Nf3 Nf6 4. Nc3 Nbd7 5. Bg5 Bb4 6. Qb3 Bxc3+ 7. Qxc3 O-O 8.
Rc1 dxc4 9. Qxc4 c6 10. e4 Qc7 11. Bd3 h6 12. Bd2 Nb6 13. Qc5 Rd8 14. Ba5 Nfd7
15. Qb4 Qf4 16. O-O c5 17. dxc5 Nxc5 18. Qxc5 Rxd3 19. Bxb6 axb6 20. Qxb6 Rxf3
21. gxf3 Qxf3 22. Qe3 Qxe3 23. fxe3 Bd7 24. Rc7 Bc6 25. Rfxf7 Rxa2 26. Rxg7+
Kf8 27. Rxb7 Bxb7 28. Rxb7 Ra4 29. b4 Ra2 30. b5 Re2 31. Rh7 Rxe3 32. b6 Rb3
33. b7 Kg8 34. Rc7 Kf8 35. Rc8+ Ke7 36. b8=Q Rxb8 37. Rxb8 1-0

[Event "II. CLANSKA LIGA ZAHOD 2025"]
[Site "Komenda"]
[Date "2025.11.15"]
[Round "2.5"]
[White "Kerma, Simon"]
[Black "Demsar, Maks"]
[Result "1-0"]
[WhiteElo "2075"]
[BlackElo "2116"]
[PlyCount "63"]
[EventDate "2025.11.14"]
[WhiteTeam "SK VAL KOPER"]
[BlackTeam "DRUSTVO TOMO ZUPAN"]

1. d4 Nf6 2. Nf3 c5 3. c3 e6 4. Bg5 d5 5. e3 Nc6 6. Nbd2 Be7 7. Bd3 Qb6 8. Qc2
h6 9. Bh4 O-O 10. Ne5 Nd7 11. Bxe7 Nxe7 12. f4 Qc7 13. Ndf3 c4 14. Be2 Nf6 15.
g4 Ne4 16. Nd2 f6 17. Nexc4 Nxd2 18. Nxd2 Bd7 19. Nf3 b5 20. Qd2 a5 21. O-O Nc8
22. g5 Nd6 23. gxh6 gxh6 24. Bd3 Kh8 25. Kh1 Rg8 26. Rg1 Bc6 27. Nh4 f5 28.
Ng6+ Kh7 29. Ne5 Bb7 30. Qe2 Nc4 31. Qh5 Raf8 32. Rg6 1-0

[Event "II. CLANSKA LIGA ZAHOD 2025"]
[Site "Komenda"]
[Date "2025.11.15"]
[Round "2.5"]
[White "Rozman, Mitja"]
[Black "Starc, Enej"]
[Result "0-1"]
[WhiteElo "1983"]
[BlackElo "1961"]
[PlyCount "64"]
[EventDate "2025.11.14"]
[WhiteTeam "DRUSTVO TOMO ZUPAN"]
[BlackTeam "SK VAL KOPER"]

1. Nf3 Nf6 2. g3 g6 3. Bg2 Bg7 4. O-O O-O 5. c3 d5 6. d3 Nbd7 7. Nbd2 c6 8. e4
e5 9. Qc2 Re8 10. a4 a5 11. b3 Nc5 12. Ba3 Na6 13. Rfe1 Qc7 14. Rac1 Bd7 15. b4
Bf8 16. Qb2 d4 17. b5 dxc3 18. Rxc3 Nb4 19. Nc4 c5 20. h3 Nh5 21. Ne3 Qd6 22.
Nd5 Be6 23. g4 Bxd5 24. gxh5 Be6 25. Qd2 Rad8 26. Qe3 b6 27. Bf1 f6 28. hxg6
hxg6 29. Kh2 Kh7 30. Nh4 Bh6 31. Qg3 Rg8 32. Be2 Bf4 0-1

[Event "II. CLANSKA LIGA ZAHOD 2025"]
[Site "Komenda"]
[Date "2025.11.15"]
[Round "2.5"]
[White "Ivanovic, Andrej"]
[Black "Mlacnik, Franc"]
[Result "1/2-1/2"]
[WhiteElo "2016"]
[BlackElo "1972"]
[PlyCount "64"]
[EventDate "2025.11.14"]
[WhiteTeam "SK VAL KOPER"]
[BlackTeam "DRUSTVO TOMO ZUPAN"]

1. d4 e6 2. c4 f5 3. g3 Nf6 4. Bg2 c6 5. Nf3 d5 6. O-O Bd6 7. b3 Qe7 8. Bb2 O-O
9. e3 a5 10. Nbd2 Ne4 11. Ne5 Nd7 12. f3 Nxd2 13. Qxd2 Nxe5 14. dxe5 Bc5 15.
cxd5 cxd5 16. Rfc1 Bd7 17. f4 Rfc8 18. Kf2 a4 19. Rc2 Bb4 20. Qd1 Rxc2+ 21.
Qxc2 Rc8 22. Qd1 a3 23. Bd4 Bb5 24. Rc1 Rc6 25. Bf1 Bxf1 26. Kxf1 Qc7 27. Rxc6
bxc6 28. Qc2 c5 29. Bc3 Qb6 30. Bxb4 Qxb4 31. Qd3 Kf7 32. h3 Qb6 1/2-1/2

[Event "II. CLANSKA LIGA ZAHOD 2025"]
[Site "Komenda"]
[Date "2025.11.15"]
[Round "2.5"]
[White "Muri, Emil"]
[Black "Cepin, Nik"]
[Result "1/2-1/2"]
[WhiteElo "1870"]
[BlackElo "1719"]
[PlyCount "66"]
[EventDate "2025.11.14"]
[WhiteTeam "DRUSTVO TOMO ZUPAN"]
[BlackTeam "SK VAL KOPER"]

1. e4 e5 2. d4 exd4 3. Qxd4 Nc6 4. Qe3 b6 5. Bd2 Bb7 6. Nc3 g6 7. O-O-O Bg7 8.
f4 Nge7 9. Nf3 d6 10. Bc4 h6 11. h3 Na5 12. Bd3 Qd7 13. Rhe1 O-O-O 14. Qe2 d5
15. e5 d4 16. Nb5 Nac6 17. e6 fxe6 18. Qxe6 Qxe6 19. Rxe6 a6 20. Na7+ Nxa7 21.
Rxe7 Rhg8 22. Re6 Rd6 23. Rxd6 cxd6 24. Bxg6 Bf6 25. f5 Kd7 26. Bxh6 Bxf3 27.
gxf3 Rh8 28. Bf4 Rxh3 29. Rf1 Nc6 30. Kd2 Nb4 31. Bf7 Rh4 32. Bg3 Rh3 33. Bf4
Rh4 1/2-1/2

[Event "II. CLANSKA LIGA ZAHOD 2025"]
[Site "Komenda"]
[Date "2025.11.15"]
[Round "2.5"]
[White "Cepin, Drago"]
[Black "Rogelj, Tomaz"]
[Result "1-0"]
[WhiteElo "1710"]
[BlackElo "1589"]
[PlyCount "23"]
[EventDate "2025.11.14"]
[WhiteTeam "SK VAL KOPER"]
[BlackTeam "DRUSTVO TOMO ZUPAN"]

1. e4 c6 2. d4 d5 3. e5 Bf5 4. g4 Bg6 5. h4 h6 6. h5 Bh7 7. e6 fxe6 8. Bd3 Nf6
9. Bxh7 Nxh7 10. Qd3 Qd6 11. Qg6+ Kd7 12. Nc3 1-0